Bienvenue à la Médiathèque de Saint-Andiol
banniere
Accueil Recherche avancée Mon compte
handi1 Rechercher dans le catalogue

Filtre   Mots-clés
  Recherche avancée
 
Lister les dernières nouveautés
 
Lister les livres GROS CARACTERES
 
Lister les périodiques (magazines)

handi1 En rose et noir

<< Retourner aux résultats de la recherche
Book Cover
Auteur principal : Clarke
Titre : En rose et noir
Support : Livres
Langue : Francais
Publié : DL 2018 Dupuis Paris
Series : Mélusine.
Genre : Bande Dessinée (enfants)
Collection : Mélusine
Sujets :
Étiquettes :
Pas de tags
LEADER 00653nam0a2200205 450
001 16868344
010 |a 978-2-8001-7408-2  |b rel.  |d 10,95 € 
100 |a 20260529d2026 u u0frey01 ba 
101 0 |a fre 
102 |a BE 
200 0 |a En rose et noir  |f Clarke  |g couleurs, Cerise 
207 1 |a   
210 |a Paris  |b 57, bd de La Villette  |c Dupuis  |d DL 2018 
215 |a 1 vol. (45 p.)  |c ill. en coul.  |d 30 cm 
225 1 |a Mélusine  |v 26 
461 0 |t Mélusine.  |v 26 
700 0 |a Clarke  |f 1965-....  |4 70 
900 |a Bande Dessinée (enfants) 
901 |a Jeunesse 
995 |a Médiathèque  |c Médiathèque  |f 089021902  |h 089021902  |k BD MEL 26  |o p  |q j  |r az  |e Médiathèque